000 01416nam a2200241Ia 4500
999 _c37541
_d37541
001 3506
003 GE_BSU
005 20190618190429.0
008 181216s2009||||ge |||||||||||||| ||geo||
020 _a9789941016622
040 _cGE_BSU
041 _ageo
080 _a371.277.2 ტ–50
245 _aტესტური დავალებების შექმნის ხელოვნება :
_bდამხმ. სახელმძღვ. სკოლის მასწავლებლებისათვის /
_cეროვნ. სასწ. გეგმებისა და შეფასების ცენტრი ; [სამეცნ. რედ.: შორენა საძაგლიშვილი [და სხვ.
300 _a169 გვ. ;
_b25 სმ.
653 _aტესტების შედგენა
700 _aსაძაგლიშვილი, შორენა
_eრედაქტორი
_92583
700 _aწერეთელი, მზია
_eრედაქტორი
_92584
700 _aბერძენიშვილი, თეა
_eრედაქტორი
_92585
700 _aჩხეიძე, თინათინ
_eმთარგმნელი
_92586
710 _aეროვნ. სასწ. გეგმებისა და შეფასების ცენტრი
_92587
942 _cBK
_2udc